Chemistry international : the news magazine of the International Union of Pure and Applied Chemistry (IUPAC).

Gardado en:
Detalles Bibliográficos
Título anterior:Information bulletin - International Union of Pure and Applied Chemistry. IUPAC
Autor Corporativo: International Union of Pure and Applied Chemistry
Formato: Revista
Idioma:English
Publicado: Oxford : Pergamon, 1979-.
Subjects:
LEADER 03063cas a2200601 a 4500
001 c000286014
003 CARM
005 20080808111104.0
008 880308c19799999enkbr p 0 a0eng d
015 |a GB8007354  |2 bnb 
019 1 |a 26183083  |5 LACONCORD2021 
022 0 |a 0193-6484 
035 |a (OCoLC)5231749  |5 LACONCORD2021 
040 |a Uk  |b eng  |c Uk  |d VCAV 
042 |a issnuk 
050 0 0 |a QD1 
082 0 4 |a 540.5  |2 19 
082 0 4 |a 540.5  |2 18 
084 |a JB 00  |2 blsrissc 
210 0 |a Chem. int.  |b (Print) 
222 0 |a Chemistry international  |b (Print) 
245 0 0 |a Chemistry international :  |b the news magazine of the International Union of Pure and Applied Chemistry (IUPAC). 
260 |a Oxford :  |b Pergamon,  |c 1979-. 
300 |a v. :  |b ill. ;  |c 27cm. 
310 |a Bimonthly 
362 0 |a No. 1- ; 1979- 
500 |a Six issues a year. - 40,[4] p. in 3rd issue. 
540 |a Current Copyright Fee: GBP7.50  |c 0  |5 Uk 
580 |a Continues: IUPAC information bulletin. 
650 0 |a Chemistry  |v Periodicals. 
653 |a Chemistry  |a Serials. 
710 2 |a International Union of Pure and Applied Chemistry. 
776 0 |t Chemistry international (Online)  |x 1365-2192 
780 0 0 |t Information bulletin - International Union of Pure and Applied Chemistry. IUPAC  |x 0195-606X 
852 8 |b CARM  |h A1:AQ24C0  |i F04338  |p 0495494  |f SE 
852 8 |b CARM  |h A1:AQ24C0  |i F04338  |p 0495495  |f SE 
852 8 |b CARM  |h A1:AQ24C0  |i F04338  |p 0495496  |f SE 
852 8 |b CARM  |h A1:AQ24C0  |i F04338  |p 0495497  |f SE 
852 8 |b CARM  |h A1:AQ24C0  |i F04338  |p 0495498  |f SE 
852 8 |b CARM  |h A1:AQ24C0  |i F04338  |p 0495499  |f SE 
852 8 |b CARM  |h A1:AQ24C0  |i F04337  |p 0495500  |f SE 
852 8 |b CARM  |h A1:AQ24C0  |i F04337  |p 0495501  |f SE 
866 0 |a 3(1979)-23:5(2001:09) Inc. 
866 0 |a 3(1979)-23:5(2001:09) Inc. 
999 f f |i 82d9f853-ef2f-5e5a-b73d-eeaf5de15788  |s 7c37a28a-28a9-507e-bfaa-c7ad8eaa1211 
952 f f |p Can circulate  |a CAVAL  |b CAVAL  |c CAVAL  |d CARM 1 Store  |e F04337  |f A1:AQ24C0  |h Other scheme  |i book  |k 23:1(2001:01)-23:5(2001:09)  |m 0495501 
952 f f |p Can circulate  |a CAVAL  |b CAVAL  |c CAVAL  |d CARM 1 Store  |e F04338  |f A1:AQ24C0  |h Other scheme  |i book  |k 14:2(1992:03)-14:5(1992:09)  |m 0495498 
952 f f |p Can circulate  |a CAVAL  |b CAVAL  |c CAVAL  |d CARM 1 Store  |e F04337  |f A1:AQ24C0  |h Other scheme  |i book  |k 22:1(2000:01)-22:3(2000:05),22:5(2000:09)  |m 0495500 
952 f f |p Can circulate  |a CAVAL  |b CAVAL  |c CAVAL  |d CARM 1 Store  |e F04338  |f A1:AQ24C0  |h Other scheme  |i book  |k 13:1(1991:01)-13:6(1991:11)  |m 0495497 
952 f f |p Can circulate  |a CAVAL  |b CAVAL  |c CAVAL  |d CARM 1 Store  |e F04338  |f A1:AQ24C0  |h Other scheme  |i book  |k 15:1(1993:01)-21:6(1999:11)  |m 0495499 
952 f f |p Can circulate  |a CAVAL  |b CAVAL  |c CAVAL  |d CARM 1 Store  |e F04338  |f A1:AQ24C0  |h Other scheme  |i book  |k 11:2(1989:03)-11:2(1989:05)  |m 0495495 
952 f f |p Can circulate  |a CAVAL  |b CAVAL  |c CAVAL  |d CARM 1 Store  |e F04338  |f A1:AQ24C0  |h Other scheme  |i book  |k 12:1(1990:01)-12:2(1990:03),12:6(1990:11)  |m 0495496 
952 f f |p Can circulate  |a CAVAL  |b CAVAL  |c CAVAL  |d CARM 1 Store  |e F04338  |f A1:AQ24C0  |h Other scheme  |i book  |k 3(1979),1(1980)-2(1983:04)+supps.(1980,1982)  |m 0495494